Statistieken voor Nederland - Gemeenten in Groningen

Klik hier om de quiz te nemen!

Algemene statistieken

  • Deze quiz is 195 keer genomen
  • De gemiddelde score is 13 van 23

Antwoordstatistieken

Antwoord% Correct
Groningen
97%
Delfzijl
86%
Appingedam
75%
Veendam
72%
Haren
68%
Stadskanaal
68%
Bedum
66%
Winsum
63%
Pekela
62%
Loppersum
61%
Leek
57%
Oldambt
53%
Hoogezand-Sappemeer
49%
Ten Boer
49%
Slochteren
48%
Marum
47%
Vlagtwedde
47%
Zuidhorn
47%
De Marne
46%
Eemsmond
43%
Bellingwedde
41%
Grootegast
37%
Menterwolde
25%

Scoreverdeling

Percentiel versus Aantal Correcte Antwoorden

Procent van Mensen met Elke Score

Uw Scoregeschiedenis

U heeft deze quiz nog niet genomen